000 00795nam a22001695i 4500
001 160106
003 ES-MaACL
005 20230906211932.0
008 040920s1883 cl |||| | spa d
040 _aCAM
_bspa
_cCAM
100 1 _aMontt, Ambrosio.
_9130119
245 1 0 _aVista del fiscal de la Corte Suprema Ambrosio Montt presentada al Consejo de Estado con motivo de la reclamacion interpuesta por la Compañía de Consumidores de Agua, contra el acuerdo municipal que se atribuye el dominio de las calles y plazas públicas.
260 _aValparaiso :
_b[s.n.],
_c1883 (
_fImprenta de "La Patria")
300 _a111 p. ;
_c20 cm.
650 4 _aAgua-
_zValparaiso (Chile)
_9135543
852 _aES-MaACL
_jT-471-F-11
_z-- Enc. hol.
_q-- Falto de la cub. original
_z-- Enc. en un vol. facticio
999 _c160106
_d160106